Redefining tribal identity: the changing identity of the santhals in south-west bengal (Record no. 11819)

MARC details
000 -LEADER
fixed length control field 01095nam a2200337Ia 4500
003 - CONTROL NUMBER IDENTIFIER
control field OSt
005 - DATE AND TIME OF LATEST TRANSACTION
control field 20220912144543.0
008 - FIXED-LENGTH DATA ELEMENTS--GENERAL INFORMATION
fixed length control field 220909b |||||||| |||| 00| 0 eng d
020 ## - INTERNATIONAL STANDARD BOOK NUMBER
International Standard Book Number 9789380607917 (hbk)
020 ## - INTERNATIONAL STANDARD BOOK NUMBER
International Standard Book Number SL01562622
037 ## - SOURCE OF ACQUISITION
Terms of availability Textual
040 ## - CATALOGING SOURCE
Original cataloging agency CSL
Language of cataloging eng
Transcribing agency CSL
041 ## - LANGUAGE CODE
Language code of text/sound track or separate title eng
100 ## - MAIN ENTRY--PERSONAL NAME
Personal name Chattopadhyay Pradip
245 #0 - TITLE STATEMENT
Title Redefining tribal identity: the changing identity of the santhals in south-west bengal
260 ## - PUBLICATION, DISTRIBUTION, ETC.
Place of publication, distribution, etc. New Delhi
Name of publisher, distributor, etc. Primus
Date of publication, distribution, etc. 2014
300 ## - PHYSICAL DESCRIPTION
Extent x, 252p. ill.
500 ## - GENERAL NOTE
General note Conclusion 221-228p.; Bibliography 229-234p.; Index 235-252p.
650 ## - SUBJECT ADDED ENTRY--TOPICAL TERM
Topical term or geographic name entry element Disturbance in jungle mahals
650 ## - SUBJECT ADDED ENTRY--TOPICAL TERM
Topical term or geographic name entry element History of the santhals
650 ## - SUBJECT ADDED ENTRY--TOPICAL TERM
Topical term or geographic name entry element Research methodology
650 ## - SUBJECT ADDED ENTRY--TOPICAL TERM
Topical term or geographic name entry element Ethnic identity
700 ## - ADDED ENTRY--PERSONAL NAME
Personal name Chattopadhyay Pradip
942 ## - ADDED ENTRY ELEMENTS (KOHA)
Classification part Y72.275, Q4
Koha item type Textual
Source of classification or shelving scheme Colon Classification (CC)
Holdings
Withdrawn status Lost status Damaged status Not for loan Home library Current library Date acquired Source of acquisition Total Checkouts Full call number Barcode Date last seen Price effective from Koha item type
        Central Science Library Central Science Library 2022-09-12 1227, 03/02/2015, Select Book Service Syndicate   Y72.275 Q4 SL1562622 2022-09-12 2022-09-12 Textual
Copyright @ Delhi University Library System